Santi patroni dei capoluoghi di regione - Statistics

Statistiche generali
  • Questo quiz è stato fatto 121 volte
  • Il punteggio medio è 10 su 20
Statistiche sulle risposte
Città Patrono % Corretto
Napoli San Gennaro
93%
Venezia San Marco Evangelista
86%
Milano Sant'Ambrogio
86%
Roma San Pietro / San Paolo
85%
Bari San Nicola
83%
Palermo Santa Rosalia
70%
Bologna San Petronio / Santa Caterina da Bologna
68%
Torino San Giovanni Battista
58%
Genova San Giovanni Battista
58%
Firenze San Giovanni Battista
58%
Perugia San Costanzo / San Lorenzo / San Ercolano
46%
Trieste San Giusto
42%
Campobasso San Giorgio
38%
Ancona San Ciriaco di Gerusalemme
37%
Trento San Vigilio
35%
Aosta San Grato
25%
L'Aquila San Massimo d'Aveia / San Celestino V papa
21%
Cagliari San Saturnino
20%
Potenza San Gerardo di Potenza
18%
Catanzaro San Vitaliano da Capua
17%
Nessun quiz corrispondente trovato
Distribuzione punteggi
Percentuale di utenti per punteggio
Percentile per numero di risposta
I tuoi punteggi nel tempo
Non hai fatto questo quiz